000 00542nam a22001577a 4500
005 20251122135602.0
008 251122b |||||||| |||| 00| 0 eng d
020 _a9780131091788
050 _aTH6123 PLU
110 _aNational Center for Construction Education and Research
245 _aPlumbing
_btrainee guide
_cNational Center for Construction Education and Research
250 _aLevel one
260 _aUpper Saddle River, New Jersey
_bPearson Prentice Hall
_c2005
300 _avarious paging
_bill. color
_c27.5cm
942 _2lcc
_cBK
_n0
999 _c8328
_d8328